Fortalecer el desarrollo. Interacciones entre macro y microeconomía /

保存先:
書誌詳細
共著者: Comisión Económica para America Latina y El Caribe, CEPAL
フォーマット: テキスト
出版事項: Santiago: CEPAL
タグ: タグ追加
タグなし, このレコードへの初めてのタグを付けませんか!

MARC

LEADER 00000 a a2200000 04500
001 22203
003
040
090 |a 150600  
110 |a Comisión Económica para America Latina y El Caribe  
245 |a Fortalecer el desarrollo. Interacciones entre macro y microeconomía /  |c Comisión Económica para America Latina y El Caribe  
260 |a Santiago:   |b CEPAL  
300 |a 116 p   |b il.  
710 |a CEPAL  
999 |c 12804  |d 12804